| 000 | 00788nam a2200205 i 4500 | ||
|---|---|---|---|
| 001 | 181632 | ||
| 003 | ES-MaACL | ||
| 005 | 20231205173211.0 | ||
| 008 | 130226s1951 sp |||| | spa d | ||
| 080 | _a712.4(02) | ||
| 100 | 1 |
_aRíos, Gregorio de los. _997364 |
|
| 245 | 1 | 0 |
_aAgricultura de jardines / _cpor Gregorio de los Ríos (1592) ; la publica la Sociedad de Bibliófilos Españoles ; [prólogo de Agustín G. de Amezúa]. |
| 260 |
_aMadrid : _bSociedad de Bibliófilos Españoles, _c1951. |
||
| 300 |
_aLXV, 108 p. ; _c24 cm. |
||
| 650 | 4 |
_aJardinería- _vObras anteriores a 1800. _9151127 |
|
| 700 | 1 |
_aAmezúa y Mayo, Agustín G. de, _d1881-1956 _921219 |
|
| 710 | 2 |
_aSociedad de Bibliófilos Españoles. _96661 |
|
| 852 | 4 |
_aES-MaACL _jJ-7(II-27) |
|
| 999 |
_c181632 _d181632 |
||